Представление документа в формате RUSMARC

ПолеНазваниеЗначение
  Тип записи a
  Библиографический уровень m
001 Контрольный номер 4e79053850364524b50818d006c49172
005 Дата корректировки 20140919052549.2
010 Индекс ISBN __
a ISBN 5-222-01530-0
101 Язык документа 0_
a Язык текста rus
102 Страна публикации __
a Страна публикации RU
200 Заглавие и сведения об ответственности 1_
a Заглавие Социология молодежи
b Общее обозначение материала Текст
e Сведения, относящиеся к заглавию учеб. пособие
f Первые сведения об ответственности под ред. Ю. Г. Волкова; В. И. Добреньков, Ф. Д. Кадария
210 Выходные данные 1_
a Место издания Ростов н/Д.
c Издательство Феникс
d Дата издания 2001
215 Физическое описание __
a Объем 576 с.
610 Ключевые слова 0_
a Ключевые слова социология молодежи
a Ключевые слова юность
a Ключевые слова социализация молодежи
a Ключевые слова молодежь
a Ключевые слова девиация
a Ключевые слова государственная молодежная политика
686 Индексы других классификаций __
a Классификационный индекс 60.54
700 Автор _1
a Фамилия Волков
b Имя Ю. Г.
801 Источник записи _0
a Страна RU
b Организация РУК
g Правила каталогизации PSBO
801 Источник записи _1
a Страна RU
b Организация РУК
g Правила каталогизации PSBO
852 Данные о местонахождении __
i Авторский знак В 67
j Шифр хранения ББК 60.5
901 Тип документа __
t Тип документа m
937 Технологическая информация __
a Создатель записи (имя) Сюбаева
938 Служебная информация __
a Название организации Камчатский филиал
952 Тип литературы __
b Гриф литературы для ВШ гриф
c Вид литературы учебное пособие